| 000 | 00798nam a22002297a 4500 | ||
|---|---|---|---|
| 999 |
_c20756 _d20756 |
||
| 003 | AR-CdUCM | ||
| 008 | 190523b ||||| |||| 00| 0 spa d | ||
| 020 | _a9972964116 | ||
| 040 |
_aMUNICIPALIDAD PROVINCIAL DEL CUSCO _cBIBLIOTECA MUNICIPAL DEL CUSCO |
||
| 082 |
_a630.8 / _bSA18 |
||
| 100 |
_aSalinas, Manuel _943344 |
||
| 245 | _aCrianza y comercializacion de cerdos / | ||
| 260 |
_aLima : _bRipalme, _c2002. |
||
| 300 |
_a135 páginas ; _bIlustraciones, _c23 cm. |
||
| 440 |
_aColeccion granja y negocios _920689 |
||
| 505 | _aContenido: Crianza de cerdos -- Comercialización de cerdos -- Posibles alteraciones de la carne... | ||
| 650 |
_aProducción _91785 |
||
| 650 |
_aMétodos de crianza _943345 |
||
| 650 |
_aAsistencias _943346 |
||
| 942 |
_2ddc _cLIBROS |
||
| 945 |
_adavv _d2019-05-23 |
||